000 00481nab a2200145Ia 4500
003 ES-SlBCS
005 20210601125508.0
008 140529s2004 xxu||||| |||| 00| 0 eng d
041 _aeng
100 1 _aStrauss, Leo
_d, 1899-1973
_9129690
245 0 4 _aThe Place of the Doctrine of Providence according to Maimonides
_c Leo Strauss
600 0 4 _aMaimónides-Providencia
_9159299
773 0 _tReview of Methaphysics
_gvol. 57/3, nº. 227, 2004, págs. 537-550
_wRev843
942 _cAR
999 _c531234
_d531234